UM Logo

A passive current sharing method for two-phase common inductor LLC resonant converters and mathematical analysis of current sharing effect / (Record no. 20028)

MARC details
000 -LEADER
fixed length control field 01091nam a22002417a 4500
003 - CONTROL NUMBER IDENTIFIER
control field OSt
005 - DATE AND TIME OF LATEST TRANSACTION
control field 20251004133852.0
008 - FIXED-LENGTH DATA ELEMENTS--GENERAL INFORMATION
fixed length control field 240404b ||||| |||| 00| 0 eng d
040 ## - CATALOGING SOURCE
Transcribing agency 0
082 ## - DEWEY DECIMAL CLASSIFICATION NUMBER
Classification number DPer 621.381 Ie21 October 2022 v. 37 n. 10
100 ## - MAIN ENTRY--PERSONAL NAME
Personal name Tang, Wei.
Relator term author.
9 (RLIN) 56112
245 ## - TITLE STATEMENT
Title A passive current sharing method for two-phase common inductor LLC resonant converters and mathematical analysis of current sharing effect /
Statement of responsibility, etc. Wei Tang, Hongliang Wang, Xiaonan Zhu, Wenyong Gao, Zhen Zheng, and Xiumei Yue.
260 ## - PUBLICATION, DISTRIBUTION, ETC. (IMPRINT)
Place of publication, distribution, etc. New York ;
Name of publisher, distributor, etc. The Institute of Electrical and Electronics Engineers, Inc. ,
Date of publication, distribution, etc. October 2022.
300 ## - PHYSICAL DESCRIPTION
Extent Volume 37, pages 12316-12326 :
Other physical details illustration ;
Dimensions 28 cm.
500 ## - GENERAL NOTE
General note IEEE Transactions on Power Electronics, v. 37, n. 10, pages 12316-12326, October 2022.
700 ## - ADDED ENTRY--PERSONAL NAME
Personal name Tang, Wei.
Relator term author.
9 (RLIN) 56112
700 ## - ADDED ENTRY--PERSONAL NAME
Personal name Wang, Hongliang.
Relator term author.
9 (RLIN) 56113
700 ## - ADDED ENTRY--PERSONAL NAME
Personal name Zhu, Xiaonan.
Relator term author.
9 (RLIN) 56114
700 ## - ADDED ENTRY--PERSONAL NAME
Personal name Gao, Wenyong.
Relator term author.
9 (RLIN) 56115
700 ## - ADDED ENTRY--PERSONAL NAME
Personal name Zheng, Zhen.
Relator term author.
9 (RLIN) 56116
700 ## - ADDED ENTRY--PERSONAL NAME
Personal name Yue, Xiumei.
Relator term author.
9 (RLIN) 56117
942 ## - ADDED ENTRY ELEMENTS (KOHA)
Source of classification or shelving scheme Dewey Decimal Classification
Koha item type Periodicals
Holdings
Withdrawn status Lost status Source of classification or shelving scheme Damaged status Not for loan Collection code Home library Current library Date acquired Total Checkouts Full call number Date last seen Price effective from Koha item type Public note
    Dewey Decimal Classification     Periodicals UM Digos College - LIC UM Digos College - LIC 04/04/2024   DPer 621.317 Ie21 October 2022 v. 37 n. 10 04/04/2024 04/04/2024 Periodicals Periodical Article